Statistics for Feeling Good - Michael Bublé - All Lyrics

Click here to take the quiz!

General Stats

  • This quiz has been taken 73 times
  • The average score is 205 of 225

Answer Stats

Answer% Correct
a
100%
feel
100%
I
100%
It’s
100%
me
100%
new
100%
Oh
100%
and
98%
And
98%
day
98%
feeling
98%
for
98%
For
98%
good
98%
how
98%
I'm
98%
I’m
98%
in
98%
know
98%
life
98%
the
98%
You
98%
you
98%
dawn
96%
Dragonfly
96%
Birds
93%
flying
93%
high
93%
sky
93%
Sun
87%
sun
87%
by
83%
on
83%
what
80%
is
76%
driftin'
72%
when
72%
mean
70%
mean,
70%
don't
69%
That’s
69%
out
67%
so
67%
free
65%
tree
65%
Breeze
63%
done
63%
Fish
63%
sea
63%
all
59%
mine
57%
world,
57%
world
57%
freedom
56%
peace
56%
Sleep
56%
Blossom
54%
fun
54%
running
54%
havin'
52%
Butterflies
50%
old
50%
River
50%
this
50%
of
48%
Stars
46%
bold
44%
shine
44%
Scent
39%
pine
33%

Score Distribution

Percentile by Number Answered

Percent of People with Each Score

Your Score History

You have not taken this quiz